000
00318nam a2200109Ia 4500
008
200302s9999 xx 000 0 und d
100
_a
P. S. Gahlot and Sanjay Sharma
245
_a
Building Repair and Maintenance Management
260
_b
C BC Publishers and Distributors Pvt., Ltd.,
260
_c
2016
300
_a
405 P.,
999
_c
3839
_d
3839